|
|
|
|
| LEADER |
01202nam a2200253 a 4500 |
| 003 |
GR-PaULI |
| 005 |
20230608132749.0 |
| 008 |
181211s2002 gr f f |||| 001 0 gre d |
| 952 |
|
|
|0 0
|1 0
|2 ddc
|4 0
|6 510_243000000000000_3_ΚΑΒ
|7 0
|9 228249
|a LISA
|b LISA
|c BSC
|d 2018-12-11
|i 14380
|l 0
|o 510.243 3 ΚΑΒ
|p 027000001456
|r 2018-12-11 00:00:00
|t 1
|w 2018-12-11
|y BK15
|
| 999 |
|
|
|c 137687
|d 137687
|
| 020 |
|
|
|a 260824921X
|
| 040 |
|
|
|a GR-PauLI
|b gre
|c GR-PaULI
|d GR-AiPI
|e AACR2
|
| 082 |
0 |
4 |
|a 510.243 3
|2 23
|
| 100 |
1 |
|
|9 172718
|a Καβουσανός, Εμμανουήλ Γ.
|e συγγραφέας.
|
| 245 |
1 |
0 |
|a Εφαρμογές μαθηματικού λογισμού σε επιχειρησιακά & οικονομικά προβλήματα :
|b παρουσίαση με τη χρήση του Excel /
|c Εμμανουήλ Γ. Καβουσανός.
|
| 260 |
|
|
|a ΑΘήνα :
|b Μπένος,
|c 2002.
|
| 300 |
|
|
|a 301 σ. ;
|b πίν. ;
|c 24 εκ.
|
| 500 |
|
|
|a Περιλαμβάνει ευρετήριο.
|
| 650 |
|
0 |
|a
|9 187230
|
| 650 |
|
4 |
|9 3056
|a Λογισμός
|
| 650 |
|
4 |
|9 104
|a Μαθηματικά
|
| 650 |
|
4 |
|9 129
|a Μαθηματική ανάλυση
|
| 942 |
|
|
|2 ddc
|c BK15
|
| 998 |
|
|
|c ΜΙΧΟΣΤΑΥΡΟΥ
|d 2018-12
|